[Event "Adelaide Lidums op"]
[Site "Adelaide"]
[Date "2018.12.10"]
[Round "1"]
[White "Nair, Gautam"]
[Black "Rahman, Raad"]
[Result "0-1"]
[WhiteElo "570"]
[BlackElo "1670"]
[PlyCount "84"]
[EventDate "2018.12.10"]
[EventType "swiss"]
[EventRounds "9"]
[EventCountry "AUS"]
[SourceTitle "EXT 2020"]
[Source "ChessBase"]
[SourceDate "2019.10.17"]
[SourceVersion "1"]
[SourceVersionDate "2019.10.17"]
[SourceQuality "1"]

1. Nf3 Nf6 2. d3 d5 3. Nbd2 c5 4. b3 Bf5 5. Bb2 Nc6 6. e3 e6 7. Be2 Be7 8. 0-0 Qc7 9. h3 0-0 10. Nh4 Bg6 11. Nxg6 fxg6 12. Nf3 Nd7 13. d4 cxd4 14. exd4 Bf6 15. c4 Rf7 16. Ba3 Qa5 17. Bd6 Nb6 18. Bg3 Nc8 19. Qd3 Qb6 20. Rad1 Nb4 21. Qb1 Ne7 22. Be5 Nf5 23. Qb2 Rc8 24. Bxf6 gxf6 25. a3 Nc6 26. cxd5 exd5 27. g4 Ng7 28. Rd2 f5 29. Ng5 Re7 30. f4 h6 31. Nf3 Ne6 32. Nh4 Nexd4 33. Bd3 Nf3+ 34. Kh1 Nxd2 35. Nxg6 Nxf1 36. Qh8+ Kf7 37. Qh7+ Ke8 38. Qg8+ Kd7 39. Qxd5+ Kc7 40. Bc2 Qf2 41. Qg2 Qxg2+ 42. Kxg2 Ne3+ 0-1